[Event "Minsk op"]
[Site "Minsk"]
[Date "1997.??.??"]
[Round "8"]
[White "Zajogin, Alexander"]
[Black "Volzhin, Alexander"]
[Result "0-1"]
[WhiteElo "2415"]
[BlackElo "2505"]

1.d4 d5 2.c4 dxc4 3.Nf3 a6 4.e3 e6 5.Bxc4 c5 6.O-O Nf6 7.a4 Nc6 8.Qe2 cxd4
9.Rd1 Be7 10.exd4 O-O 11.Bg5 Nd5 12.Bxe7 Ncxe7 13.Nbd2 b6 14.Ne5 Bb7 15.Ne4 Nf5
16.Ra3 Qh4 17.g3 Qe7 18.Rb3 Rfd8 19.Nc3 Qd6 20.Qh5 g6 21.Qg4 Nf6 22.Qg5 Kg7
23.Ne2 Qxe5  0-1

[Event "Mondariz op"]
[Site "Mondariz"]
[Date "1997.??.??"]
[Round "?"]
[White "Psakhis, Lev"]
[Black "Gulko, Boris F"]
[Result "1/2-1/2"]
[WhiteElo "2565"]
[BlackElo "2580"]

1.d4 d5 2.c4 dxc4 3.Nf3 a6 4.e3 e6 5.Bxc4 c5 6.O-O Nf6 7.Nbd2 cxd4 8.Nxd4 Bd6
9.N4f3 O-O 10.b3 b6 11.Be2 Nbd7 12.Nc4 Bc5 13.Nd6 Nd5 14.Nxc8 Nc3 15.Qc2 Nxe2+
16.Qxe2 Qxc8 17.Bb2 Qb7 18.Rac1 Rac8 19.Rc2 Be7 20.Rfc1 Bf6 21.Bxf6 Nxf6
22.Nd4 Nd5 23.Nc6 Rc7 24.e4 Ne7 25.Nxe7+ Rxe7 26.Rc6 Rd7 27.g3 Rfd8 28.Kg2 h6  1/2-1/2

[Event "Amber-rapid 6th"]
[Site "Monte Carlo"]
[Date "1997.??.??"]
[Round "4"]
[White "Karpov, Anatoly"]
[Black "Anand, Viswanathan"]
[Result "1/2-1/2"]
[WhiteElo "2760"]
[BlackElo "2765"]

1.d4 d5 2.c4 dxc4 3.Nf3 a6 4.e3 Nf6 5.Bxc4 e6 6.O-O c5 7.Bb3 Nc6 8.Nc3 b5
9.dxc5 Qxd1 10.Rxd1 Bxc5 11.Bd2 Bb7 12.Rac1 Be7 13.Ne2 O-O 14.Ned4 Nxd4 15.Nxd4 Rfc8
16.f3 Kf8 17.e4 Nd7 18.Kf1 Nc5 19.Bc2 Na4 20.Bxa4 bxa4 21.a3 Rxc1 22.Rxc1 Rc8
23.Rxc8+ Bxc8 24.Bb4 Bxb4 25.axb4 e5 26.Ne2 Bd7 27.Kf2 Ke7 28.Nc3 Bc6 29.Ke3 Ke6
30.Kd3 Bb5+ 31.Ke3 Bc6 32.g3 f6 33.h4 g6 34.Nd1 Bd7 35.Nf2 Bb5  1/2-1/2

[Event "Nova Gorica op"]
[Site "Nova Gorica"]
[Date "1997.??.??"]
[Round "2"]
[White "Epishin, Vladimir"]
[Black "Krizsany, Laszlo"]
[Result "1/2-1/2"]
[WhiteElo "2600"]
[BlackElo "2435"]

1.d4 d5 2.Nf3 c5 3.c4 dxc4 4.Nc3 e6 5.d5 exd5 6.Qxd5 Qxd5 7.Nxd5 Na6 8.e4 Ne7
9.Nc3 Be6 10.Bf4 Ng6 11.Bg3 O-O-O 12.Nb5 b6 13.a3 Be7 14.Rc1 Rhe8 15.Bxc4 Bxc4
16.Rxc4 f5 17.Ra4 Kb7 18.Rxa6 Kxa6 19.Nc7+ Kb7 20.exf5 Bf6+ 21.Nxe8 Rxe8+
22.Kd2 Ne7 23.Re1 Rd8+ 24.Ke2 Nxf5 25.Be5 Re8 26.Kd3 Kc6 27.g4 Nd6 28.Bxf6 Rxe1
29.Nxe1 gxf6 30.Nc2 Kd5 31.Ne3+ Ke5 32.a4 a6 33.Nc4+ Nxc4 34.Kxc4 Kd6 35.f4  1/2-1/2

[Event "Nova Gorica op"]
[Site "Nova Gorica"]
[Date "1997.??.??"]
[Round "3"]
[White "Sulava, Nenad"]
[Black "Djurkovic, Maks"]
[Result "0-1"]
[WhiteElo "2380"]
[BlackElo "2130"]

1.d4 d5 2.Nf3 c5 3.c4 dxc4 4.d5 e6 5.Nc3 exd5 6.Qxd5 Qxd5 7.Nxd5 Bd6 8.Nd2 Nc6
9.Nxc4 Bb8 10.g3 Nge7 11.Nxe7 Kxe7 12.Bg2 Nd4 13.O-O Nxe2+ 14.Kh1 Nd4 15.Be3 Rd8
16.Rac1 Bc7 17.Nd2 Be6 18.Ne4 b6 19.Bxd4 Rxd4 20.Nxc5 Bd5 21.Rfe1+ Kd6 22.Nb3 Bxg2+
23.Kxg2 Rd5 24.Re4 Kd7 25.Nd4 Bd6 26.a4 a6 27.Nf3 h6 28.Rec4 Re8 29.R1c2 a5
30.Nd4 Re4 31.Nb5 Rxc4 32.Rxc4 Rd2 33.b3 Bc5 34.Rf4 f6 35.h4 h5 36.g4 hxg4
37.h5 Ke6 38.Rxg4 Rxf2+  0-1

[Event "Polanica Zdroj op"]
[Site "Polanica Zdroj"]
[Date "1997.??.??"]
[Round "1"]
[White "Morchat, Miroslaw"]
[Black "Voloshin, Leonid"]
[Result "0-1"]
[WhiteElo "2225"]
[BlackElo "2450"]

1.d4 d5 2.c4 dxc4 3.Nf3 a6 4.e3 e6 5.Bxc4 Nf6 6.O-O c5 7.Qe2 Nc6 8.Rd1 cxd4
9.exd4 Be7 10.Nc3 Nb4 11.Bg5 O-O 12.d5 Nbxd5 13.Nxd5 exd5 14.Bxf6 Bxf6 15.Bxd5 Qb6
16.Rac1 Bf5 17.Qc4 Bxb2 18.Qc7 Qf6 19.Bxb7 Rad8 20.Rxd8 Qxd8 21.Qxd8 Rxd8
22.Re1 a5 23.h3 a4 24.Bd5 Kf8 25.Bc4 Rc8 26.Re2 Bf6 27.Bb5 a3 28.Re3 Bb2
29.Ne5 Be6 30.Nc6 Bxa2 31.Nb4 Be6 32.Nd3 a2 33.Re1 a1=Q  0-1

[Event "EU-chT (Men)"]
[Site "Pula"]
[Date "1997.??.??"]
[Round "1"]
[White "Hoelzl, Franz"]
[Black "Sermek, Drazen"]
[Result "1-0"]
[WhiteElo "2415"]
[BlackElo "2575"]

1.d4 d5 2.c4 dxc4 3.Nf3 c5 4.d5 e6 5.Nc3 exd5 6.Qxd5 Qxd5 7.Nxd5 Bd6 8.e4 Nf6
9.Nxf6+ gxf6 10.Be3 Nc6 11.O-O-O Ke7 12.Bxc4 Be6 13.Nh4 Ne5 14.Bd5 c4 15.Kb1 Rac8
16.Nf5+ Bxf5 17.exf5 Nd3 18.Be4 Nc5 19.Rhe1 Be5 20.Bc2 Rhd8 21.Bxc5+ Rxc5
22.f4 Rxd1+ 23.Bxd1 b5 24.Kc2 b4 25.Re4 b3+ 26.axb3 cxb3+ 27.Kxb3 Rb5+ 28.Ka3 Ra5+
29.Ba4  1-0

[Event "EU-chT (Men)"]
[Site "Pula"]
[Date "1997.??.??"]
[Round "3"]
[White "Cvitan, Ognjen"]
[Black "Magem Badals, Jorge"]
[Result "1/2-1/2"]
[WhiteElo "2550"]
[BlackElo "2570"]

1.d4 d5 2.c4 dxc4 3.Nf3 a6 4.e3 Nf6 5.Bxc4 e6 6.O-O c5 7.Bb3 Nc6 8.Qe2 cxd4
9.Rd1 d3 10.Rxd3 Qc7 11.Nc3 Be7 12.e4 Nd7 13.Be3 Nc5 14.Rdd1 O-O 15.Bc2 b6
16.Rac1 Bb7 17.a3 Bf6 18.b4 Bxc3 19.bxc5 bxc5 20.Bxc5 Rfd8 21.Qe3 Bb2 22.Rb1 Rxd1+
23.Bxd1 Bf6 24.h3 Ne5  1/2-1/2

[Event "EU-chT (Men)"]
[Site "Pula"]
[Date "1997.??.??"]
[Round "7"]
[White "Huzman, Alexander"]
[Black "Yakovich, Yuri"]
[Result "1/2-1/2"]
[WhiteElo "2585"]
[BlackElo "2575"]

1.d4 d5 2.c4 dxc4 3.Nf3 a6 4.e3 e6 5.Bxc4 c5 6.O-O Nf6 7.Bd3 cxd4 8.exd4 Be7
9.Ne5 Nc6 10.Nxc6 bxc6 11.Be3 O-O 12.Qc2 Qc7 13.Nd2 h6 14.Rac1 Bb7 15.Be2 a5
16.Rfd1 Rfc8 17.Nb3 Ba6 18.Bf3 a4 19.Nc5 Bb5 20.g3  1/2-1/2

[Event "Santiago op"]
[Site "Santiago de Chile"]
[Date "1997.??.??"]
[Round "4"]
[White "Letelier, Rene"]
[Black "Cifuentes Parada, Roberto"]
[Result "0-1"]
[WhiteElo "2205"]
[BlackElo "2515"]

1.d4 d5 2.Nf3 c5 3.c4 dxc4 4.Qa4+ Bd7 5.Qxc4 cxd4 6.Qxd4 Nc6 7.Qd1 Nf6 8.Nc3 Qb6
9.e3 Rd8 10.Bc4 Bh3 11.Qa4 Bxg2 12.Ne5 e6 13.Rg1 Bd5 14.Nxd5 exd5 15.Bb5 Rc8
16.Bd2 Ne4 17.Ba5 Qc5 18.Bxc6+ bxc6 19.Nd3 Qb5 20.Qxb5 cxb5 21.f3 Nd6 22.Bc3 f6
23.Nf4 Nf5 24.Nxd5 Bc5 25.Rg4 Kf7 26.Rd1 Rhd8 27.e4 Ne3 28.Nxe3 Bxe3 29.Rxd8 Rxd8
30.Ke2 Bb6 31.f4 g6 32.Rh4 h5 33.e5 Bd4 34.Rh3 fxe5 35.fxe5 Ke6 36.Rg3 Bxc3
37.bxc3 Kf5 38.h4 Re8 39.Rg5+ Kf4 40.Rxg6 Rxe5+ 41.Kd2 a5 42.Rg8 a4 43.a3 Ke4
44.Ke2 Rf5 45.Re8+ Kd5 46.Kd3 Rf3+ 47.Kc2 Rh3 48.Rd8+ Kc5 49.Rd4 Rh2+ 50.Kd3 Ra2
51.Rf4 Rxa3 52.Rf5+ Kc6 53.Rxh5 b4 54.Kc4 b3 55.Rc5+ Kd6 56.Rb5 Ke7 57.h5 Ra2
58.h6 Kf7 59.Rb7+ Kg8 60.Kd3 b2 61.Kc2 a3 62.Rg7+ Kh8 63.Rg1 Kh7 64.Rb1 Kxh6
65.c4 Kg5 66.c5  0-1

[Event "Seefeld op"]
[Site "Seefeld"]
[Date "1997.??.??"]
[Round "?"]
[White "Raetsky, Alexander"]
[Black "Timoshchenko, Gennadi A"]
[Result "1/2-1/2"]
[WhiteElo "2405"]
[BlackElo "2540"]

1.d4 d5 2.c4 dxc4 3.Nf3 a6 4.e3 e6 5.Bxc4 c5 6.Qe2 b5 7.Bd3 cxd4 8.exd4 Nf6
9.O-O Be7 10.Nc3 Bb7 11.Bg5 Nd5 12.Bxe7 Qxe7 13.Nxd5 Bxd5 14.a4 bxa4 15.Rxa4 Qb7
16.Rfa1 O-O 17.Ne5 Ra7 18.b4 Bxg2 19.b5 Bd5 20.bxa6 Qb6 21.Rb1 Qd6 22.Rab4  1/2-1/2

[Event "Seversk"]
[Site "Seversk"]
[Date "1997.??.??"]
[Round "10"]
[White "Averchenko, Sergej"]
[Black "Nikitin, Andrey"]
[Result "1/2-1/2"]
[WhiteElo "2260"]
[BlackElo "2480"]

1.d4 d5 2.c4 dxc4 3.Nf3 a6 4.a4 Nf6 5.e3 e6 6.Bxc4 c5 7.O-O Nc6 8.Qe2 cxd4
9.Rd1 Be7 10.exd4 Nd5 11.Nc3 O-O 12.Ne5 Ncb4 13.Qe4 b6 14.Nc6 Nxc6 15.Nxd5 exd5
16.Bxd5 Bg4 17.Re1 Bb4 18.Bxc6 Bd7 19.Rd1  1/2-1/2

[Event "RUS-Cup8"]
[Site "Smolensk"]
[Date "1997.??.??"]
[Round "1"]
[White "Filippov, Valerij"]
[Black "Komissarov, I."]
[Result "1/2-1/2"]
[WhiteElo "2510"]
[BlackElo "2320"]

1.Nf3 d5 2.d4 c5 3.c4 dxc4 4.e3 cxd4 5.exd4 Be6 6.Nc3 Nf6 7.Ne5 Nc6 8.Nxc6 bxc6
9.Qa4 Qd7 10.Bxc4 Bxc4 11.Qxc4 e6 12.O-O Be7 13.Bg5 Nd5 14.Bxe7 Nxe7 15.Rac1 O-O
16.Rfd1 Rfd8 17.b3 Rac8 18.Ne4 Nf5 19.Nc5 Qd5 20.Nb7 Qxc4 21.Rxc4 Rd7 22.Nc5 Rd5
23.g4 Nh4 24.f4 h5 25.h3 hxg4 26.hxg4 e5 27.Nd3 exf4 28.Kf2 Ng6 29.Kf3 Rcd8
30.Nb4 Ne5+ 31.Kxf4 g5+ 32.Kg3 Nxc4 33.Nxd5 cxd5 34.bxc4 dxc4 35.Kf3 Kg7  1/2-1/2

[Event "Russian Cup f"]
[Site "Sochi"]
[Date "1997.??.??"]
[Round "2"]
[White "Aleksandrov, Aleksej"]
[Black "Yakovich, Yuri"]
[Result "1-0"]
[WhiteElo "2660"]
[BlackElo "2610"]

1.d4 d5 2.c4 dxc4 3.Nf3 a6 4.e3 e6 5.Bxc4 c5 6.O-O Nf6 7.Bb3 Nc6 8.Qe2 cxd4
9.Rd1 Be7 10.exd4 Na5 11.Bc2 b5 12.Nc3 Bb7 13.Ne4 Nxe4 14.Bxe4 O-O 15.Bf4 Bxe4
16.Qxe4 Nc4 17.d5 Nxb2 18.Re1 Bf6 19.dxe6 Qe7 20.Ng5 Bxg5 21.Bxg5 Qxe6 22.Qd4 Qg6
23.Be7 Nc4 24.Bxf8 Rxf8 25.a4 h6 26.Qc5 Nb2 27.Rac1 Qg4 28.Qd6 Rc8 29.axb5 axb5
30.Rxc8+ Qxc8 31.Qe5 Qc2 32.Qxb5 Nd3 33.Re8+  1-0

[Event "ROM-chT2"]
[Site "Sovata"]
[Date "1997.??.??"]
[Round "?"]
[White "Baciu, Stefan"]
[Black "Breahna, Radu"]
[Result "0-1"]
[WhiteElo "2250"]
[BlackElo "2355"]

1.d4 d5 2.c4 dxc4 3.Nf3 a6 4.a4 Nc6 5.Nc3 Nf6 6.e4 Bg4 7.d5 Ne5 8.h3 Bxf3
9.gxf3 e6 10.f4 Nd3+ 11.Bxd3 cxd3 12.Qxd3 Bb4 13.Bd2 exd5 14.Qd4 Bxc3 15.Bxc3 dxe4
16.Qe5+ Qe7 17.O-O-O Qxe5 18.fxe5 Nh5 19.Rhe1 Nf4 20.Rxe4 Ne6 21.f4 g6 22.Rb4 b6
23.Be1 Rd8 24.Rxd8+ Kxd8 25.Bh4+ Kd7 26.Bf6 Rg8 27.Kd2 Rb8 28.f5 gxf5 29.Rh4 Nc5
30.Ke3 Rg8 31.Rxh7 Ke6 32.Rh8 Rxh8 33.Bxh8 Nd7 34.h4 Nf8 35.h5 Nh7 36.Kd4 c5+
37.Kc4 f4 38.Bg7 f3 39.Kd3 Kf5 40.Ke3 Kg4 41.Kf2 Kxh5 42.Kxf3 Kg6 43.Bh8 Kf5
44.Ke3 Nf8 45.Bg7 Nd7 46.b4 cxb4 47.Kd4 b3 48.Kc3 Nc5 49.a5 bxa5 50.Bf8 Nd7
51.Ba3 a4 52.Kb4 Nxe5 53.Kxa4 Nc4  0-1

[Event "White Nights op"]
[Site "St Petersburg"]
[Date "1997.??.??"]
[Round "?"]
[White "Petkevich, Jusefs"]
[Black "Anjuhin, Alex"]
[Result "1-0"]
[WhiteElo "2455"]
[BlackElo "2335"]

1.d4 d5 2.c4 dxc4 3.Nf3 a6 4.a4 Nf6 5.e3 e6 6.Bxc4 c5 7.O-O Nc6 8.Qe2 Qc7
9.Nc3 Bd6 10.Bd2 O-O 11.Rfc1 b6 12.Bd3 Bb7 13.Ne4 Nxe4 14.Bxe4 Rfc8 15.dxc5 bxc5
16.Bc3 f5 17.Bd3 Ne5 18.Bxe5 Bxe5 19.e4 Bxb2 20.Qxb2 fxe4 21.Bc4 exf3 22.Bxe6+ Kh8
23.Bxc8 Rxc8 24.Re1 h6 25.Re6 c4 26.Rae1 Qf7 27.Qc3 Qf5 28.Rxh6+ Kg8 29.Rh4 Bd5
30.g3 Qf6 31.Qc1 g6 32.Rf4 Qc6 33.Qc3 Re8 34.Rxe8+ Qxe8 35.Rh4 Qe2 36.Qh8+ Kf7
37.Rh7+ Ke6 38.Qc8+ Ke5 39.Re7+ Kd4 40.Qh8+ Kd3 41.Re3+ Qxe3 42.fxe3 Kxe3
43.Qc3+  1-0

[Event "SWZ-chT9697"]
[Site "SWZ"]
[Date "1997.??.??"]
[Round "?"]
[White "Brunner, Lucas"]
[Black "Kaufmann, Werner"]
[Result "0-1"]
[WhiteElo "2500"]
[BlackElo "2320"]

1.d4 d5 2.c4 dxc4 3.Nf3 a6 4.e3 Bg4 5.Bxc4 e6 6.Nc3 Nf6 7.h3 Bh5 8.g4 Bg6
9.Ne5 c5 10.h4 Nbd7 11.Nxg6 hxg6 12.g5 cxd4 13.Qxd4 Bc5 14.Qf4 Nh5 15.Qe4 O-O
16.Qxb7 Ne5 17.Be2 f5 18.gxf6 Qxf6 19.Rf1 Rab8 20.Qg2 Qxh4 21.a3 Rf5 22.Ne4 Bf8
23.Bd2 Rxb2 24.Bc3 Rb3 25.Rh1 Qd8 26.Bxe5 Qa5+ 27.Bc3 Rxc3 28.Kf1 Rxe3 29.Bxh5 gxh5
30.Kg1 Rxa3 31.Rxa3 Qxa3 32.Qg6 Qa1+ 33.Kg2 Qe5 34.Re1 Rf4 35.Kf1 Rg4  0-1

[Event "SWZ-chT9697"]
[Site "SWZ"]
[Date "1997.??.??"]
[Round "?"]
[White "Kallai, Gabor"]
[Black "Kaufmann, Werner"]
[Result "1-0"]
[WhiteElo "2505"]
[BlackElo "2320"]

1.d4 d5 2.c4 dxc4 3.Nf3 a6 4.e4 Bg4 5.Bxc4 e6 6.Nc3 Bxf3 7.gxf3 c5 8.d5 b5
9.Be2 exd5 10.Nxd5 Ne7 11.Nxe7 Qxd1+ 12.Kxd1 Bxe7 13.a4 bxa4 14.Rxa4 O-O
15.Bc4 Rd8+ 16.Ke2 Nc6 17.Bd5 Rac8 18.Be3 Nb4 19.Rd1 Rb8 20.Bf4 Rb5 21.Bc4 Rxd1
22.Kxd1 Rb6 23.Be3 Kf8 24.Ra5 Rc6 25.Kd2 Ke8 26.f4 f6 27.Kc3 Kd8 28.Bg8 h6
29.Kc4 Kc7 30.Bd5 Kb6 31.Ra4 Nxd5 32.exd5 Rc8 33.b4 f5 34.bxc5+  1-0

[Event "Tanta op"]
[Site "Tanta"]
[Date "1997.??.??"]
[Round "7"]
[White "Frhat, Ali"]
[Black "Hartman, Christer"]
[Result "1-0"]
[WhiteElo "2220"]
[BlackElo "2310"]

1.d4 d5 2.c4 dxc4 3.Nf3 a6 4.a4 Nf6 5.e3 e6 6.Bxc4 c5 7.O-O Nc6 8.Nc3 Be7
9.dxc5 Qxd1 10.Rxd1 Bxc5 11.h3 b6 12.Be2 Bb7 13.Bd2 Ke7 14.Na2 Nd5 15.Rac1 Bd6
16.Nc3 Nf6 17.e4 Nd7 18.Be1 Nc5 19.Rb1 Ne5 20.Nxe5 Bxe5 21.f3 Bc6 22.Bf2 Nxa4
23.Nxa4 Bxa4 24.b3 Bb5 25.Bxb5 axb5 26.Bxb6 Rhc8 27.Rd2 Bc3 28.Re2 Rc6 29.Bf2 Bb4
30.Be1 Bxe1 31.Rbxe1 Ra3 32.Rb1 Rc3 33.b4 Rab3 34.Reb2 Rc1+ 35.Rxc1 Rxb2
36.e5 Kd7 37.Ra1 g6 38.Rd1+ Kc7 39.Rd4 Rc2 40.Rf4 Kc6 41.Rxf7 Kd5 42.Rxh7 Rc4
43.Rg7 Rxb4 44.Rxg6 Rb1+ 45.Kf2 Kxe5 46.Ke3 b4 47.Rg5+ Kf6 48.Rb5 b3 49.Kf4 Rg1
50.g3 Rb1 51.h4 b2 52.Kg4 Kg6 53.Rb6 Kf6 54.f4 Kf7 55.Rb7+ Kg6 56.Rb8 Kf6
57.h5 Kg7 58.Rb6 Kf7 59.Rb5 Kg7 60.Rb8 Kf7 61.Kg5 Rg1 62.Rb7+ Kg8 63.Rxb2 Rxg3+
64.Kf6 Re3 65.Rb4 Kh7 66.Rb5 Rf3 67.Kg5 Rg3+ 68.Kh4 Rg1 69.Re5 Rh1+ 70.Kg5 Rg1+
71.Kf6 Rg4 72.Re4 Rh4 73.Kg5 Rh1 74.Rxe6 Kg7 75.Re7+ Kf8 76.Ra7 Kg8 77.Kg6 Rg1+
78.Kf6 Rb1 79.f5 Rb6+ 80.Kg5 Rc6 81.h6 Rc1 82.Kg6 Rg1+ 83.Kf6 Rb1 84.Rc7 Rb6+
85.Kg5 Rb1 86.Kg6 Rg1+ 87.Kf6 Ra1 88.Rc6 Rf1 89.Rc7 Ra1 90.Rd7 Ra6+ 91.Kg5 Ra1
92.Re7 Rb1 93.Re4 Rg1+ 94.Rg4 Ra1 95.Kg6 Ra6+ 96.f6 Ra7 97.Kf5+ Kh8 98.Re4 Ra5+  1-0

[Event "JUG Cup"]
[Site "Ulcinj"]
[Date "1997.??.??"]
[Round "?"]
[White "Stamenkovic, Zoran"]
[Black "Drasko, Milan"]
[Result "1/2-1/2"]
[WhiteElo "2415"]
[BlackElo "2555"]

1.d4 d5 2.c4 dxc4 3.Nf3 a6 4.e3 Nf6 5.Bxc4 e6 6.O-O c5 7.a4 Nc6 8.Qe2 Qc7
9.Nc3 Bd6 10.Rd1 O-O 11.b3 b6 12.Bb2 cxd4 13.exd4 Na5 14.Rac1 Nxc4 15.bxc4 Bb7
16.d5 Rfe8 17.Ne4 Nxe4  1/2-1/2

[Event "Clarin GP op"]
[Site "Villa Martelli"]
[Date "1997.??.??"]
[Round "8"]
[White "Hoffman, Alejandro"]
[Black "Slipak, Sergio"]
[Result "1/2-1/2"]
[WhiteElo "2465"]
[BlackElo "2515"]

1.d4 d5 2.c4 dxc4 3.Nf3 a6 4.e3 Nf6 5.Bxc4 e6 6.Qe2 c5 7.dxc5 Bxc5 8.a3 b5
9.Bd3 Qe7 10.b4 Bd6 11.Nbd2 Nc6 12.Bb2 Bb7 13.O-O e5 14.Ng5 O-O 15.Rfd1 Rad8
16.Rac1 Bb8 17.Nge4 Nxe4 18.Nxe4 f5 19.Nc5 e4 20.Bb1 Be5 21.Ba2+ Kh8 22.Bd5 Bxb2
23.Qxb2 Na5 24.Bxb7 Nxb7 25.Nxa6 Nd6 26.Nc5 Nc4 27.Qc3 Ne5 28.h3 h6 29.Qb3 Rf6
30.Rxd8+ Qxd8 31.Rd1 Rd6 32.Rxd6 Qxd6 33.Qe6 Qxe6 34.Nxe6 Nc4 35.Nd4 Nd6
36.Kf1 g5 37.Ke2 Kg7 38.Kd2 Kf6 39.Kc3 f4 40.Nc2 Ke5 41.Kb3 Kd5 42.a4 bxa4+
43.Kxa4 Kc4 44.g4 Kd3 45.Nd4 fxe3 46.fxe3 Nc4 47.Nf5 Nxe3 48.Nxe3 Kxe3 49.b5 Kf3
50.b6 e3 51.b7 e2 52.b8=Q e1=Q 53.Qf8+ Kg2 54.Qxh6 Qe4+ 55.Kb5 Qd3+ 56.Kc5 Qxh3
57.Qxg5 Kg3  1/2-1/2

[Event "Vlissingen HZ op"]
[Site "Vlissingen"]
[Date "1997.??.??"]
[Round "4"]
[White "Van der Zee, C."]
[Black "Jonkman, Harmen"]
[Result "0-1"]
[WhiteElo "2125"]
[BlackElo "2365"]

1.d4 d5 2.c4 dxc4 3.Nf3 a6 4.e3 Nf6 5.Bxc4 e6 6.O-O c5 7.e4 Nxe4 8.Qe2 Nd6
9.dxc5 Nxc4 10.Qxc4 Be7 11.Bf4 Nc6 12.Nbd2 e5 13.Bxe5 Be6 14.Qc3 Nxe5 15.Nxe5 O-O
16.b4 Qd5 17.Nb3 Rfd8 18.Rfe1 Rac8 19.Rac1 Bg5 20.Rc2 Bf5 21.Rce2 h6 22.h3 Be6
23.Qg3 b6 24.cxb6 Be7 25.Rd2 Qb5 26.Rxd8+ Bxd8 27.Nc5 Qxb4 28.Ned3 Qxb6 29.Nxe6 fxe6
30.Qg6 Bf6 31.Qe4 Re8 32.Ne5 Qa5 33.Re2 Qd5 34.Ng4 Qxe4 35.Nxf6+ gxf6 36.Rxe4 e5
37.Ra4 Re6 38.g4 Rc6 39.Kg2 Kf7 40.Kf3 Rc3+ 41.Ke4 Rxh3 42.Rxa6 h5 43.gxh5 Rxh5
44.a4 Rh2 45.Ke3 Kg6 46.a5 Kf5 47.Rb6 Rh3+ 48.f3 Rh4 49.a6 Ra4 50.Rc6 Ra3+
51.Kf2 Kg5 52.Re6 Ra5 53.Kg3 Ra2 54.Kh3 Ra3 55.Kg2 Ra4 56.Kg3 Ra5 57.Kg2 f5
58.a7 Kf4 59.Re7 Ra2+ 60.Kh3 Kxf3 61.Rxe5 f4 62.Re7 Ra4 63.Rf7 Ra1 64.Kh2 Ke3
65.Rc7 Kf2 66.Rf7 f3 67.Re7 Ra6 68.Rh7  0-1

[Event "Zagreb op"]
[Site "Zagreb"]
[Date "1997.??.??"]
[Round "5"]
[White "Nikolac, Juraj"]
[Black "Kapic, Ibrahim"]
[Result "1-0"]
[WhiteElo "2455"]
[BlackElo "2300"]

1.d4 d5 2.c4 dxc4 3.Nf3 c5 4.e3 e6 5.Bxc4 Qc7 6.Qe2 a6 7.a4 Nf6 8.O-O Nc6
9.Nc3 Be7 10.dxc5 Bxc5 11.Bd2 O-O 12.Rfd1 Bd7 13.Be1 Rfd8 14.Rac1 Be8 15.Bd3 Nb4
16.Bb1 Rxd1 17.Qxd1 Rd8 18.Qe2 Nc6 19.Ne4 Be7 20.Qc4 Qd7 21.Bc3 Qd5 22.Nxf6+ Bxf6
23.Qxd5 Rxd5 24.Bxf6 gxf6 25.Be4 Rd6 26.g4 Kg7 27.Kg2 b6 28.Kg3 Bd7 29.b3 h6
30.Rc3 a5 31.h3 Be8 32.Rc2 Bd7 33.h4 Be8 34.Rd2 Rxd2 35.Nxd2 Ne5 36.f4 Nxg4
37.Kxg4 f5+ 38.Bxf5 exf5+ 39.Kxf5 b5 40.axb5 Bxb5 41.Ke5 f6+ 42.Ke6 Ba6 43.e4 Bc8+
44.Ke7 f5 45.e5 Ba6 46.e6 Kg6 47.Kd8 Bb5 48.Nf3 a4 49.bxa4 Bxa4 50.Ne5+ Kf6
51.e7 Ke6 52.e8=Q+  1-0

[Event "NLD-sf"]
[Site "Enschede"]
[Date "1998.01.06"]
[Round "4"]
[White "Ernst, Sipke"]
[Black "Cifuentes Parada, Roberto"]
[Result "1/2-1/2"]
[WhiteElo "2300"]
[BlackElo "2535"]

1.d4 d5 2.Nf3 c5 3.c4 dxc4 4.d5 e6 5.e4 exd5 6.exd5 Nf6 7.Bxc4 Bd6 8.O-O O-O
9.Bg5 h6 10.Bh4 a6 11.a4 Bf5 12.Qb3 Nbd7 13.Qxb7 Qb6 14.Qxb6 Nxb6 15.b3 g5
16.Bg3 Bxg3 17.hxg3 Nfxd5 18.Rd1 Rfd8 19.Na3 Nxc4 20.Nxc4 Nb4 21.Na5 Bc2
22.Rxd8+ Rxd8 23.Ne1 Be4 24.Rc1 Rc8 25.f3 Bd5 26.Rc3 Na2 27.Rc2 Nb4 28.Rc3  1/2-1/2

[Event "ISR-chT"]
[Site "Israel"]
[Date "1998.01.17"]
[Round "2"]
[White "Mikhalevski, Victor"]
[Black "Lev, Ronen"]
[Result "1-0"]
[WhiteElo "2545"]
[BlackElo "2460"]

1.d4 d5 2.c4 dxc4 3.Nf3 c5 4.e3 Nf6 5.Bxc4 e6 6.Qe2 cxd4 7.exd4 Nc6 8.O-O Be7
9.Rd1 O-O 10.Nc3 Na5 11.Bd3 b6 12.Bg5 Bb7 13.Re1 Rc8 14.Rad1 Nd5 15.Qe4 g6
16.Qh4 f6 17.Bh6 Nxc3 18.bxc3 Rf7 19.Rxe6 Rxc3 20.Qg4 Kh8 21.d5 Bc8 22.Qd4 Bxe6
23.Qxc3 Qxd5 24.Ng5 Kg8 25.Nxf7 Kxf7 26.Bxg6+ hxg6 27.Rxd5 Bxd5 28.Qc7 Bxa2
29.Qxa7 Be6 30.Bf8 Kxf8 31.Qxb6 Kf7 32.Qxa5 f5 33.Qa7 Kf6 34.Qd4+ Kf7 35.Qh8 Bf6
36.Qh7+ Bg7 37.h4 Kf6 38.h5 gxh5 39.Qxh5 Bf7 40.Qh4+ Kg6 41.g4 fxg4 42.Qxg4+ Kf6
43.Qd4+ Kg6 44.Qe4+ Kf6 45.f4 Be6 46.Kf2 Bf5 47.Qe5+ Kg6 48.Qe8+ Kf6 49.Ke3 Bg6
50.Qe5+ Kf7 51.Qd5+ Kf8 52.f5 Be8 53.Qd6+ Kg8 54.Kf4 Bf7 55.Qd8+ Bf8 56.Ke5 Kg7
57.Qg5+ Kh7 58.Kf6  1-0

[Event "Ubeda op"]
[Site "Ubeda"]
[Date "1998.01.27"]
[Round "8"]
[White "Pelletier, Yannick"]
[Black "Lalic, Bogdan"]
[Result "1/2-1/2"]
[WhiteElo "2515"]
[BlackElo "2545"]

1.d4 d5 2.c4 dxc4 3.Nf3 a6 4.e3 e6 5.Bxc4 c5 6.Qe2 b5 7.Bd3 cxd4 8.exd4 Nf6
9.O-O Be7 10.a4 bxa4 11.Rxa4 O-O 12.Be3 Bb7 13.Nbd2 a5 14.Nc4  1/2-1/2

[Event "Calcutta Goodricke op"]
[Site "Calcutta"]
[Date "1998.02.11"]
[Round "6"]
[White "Sanjay, N."]
[Black "Das, Dipanjan"]
[Result "0-1"]
[WhiteElo "2310"]
[BlackElo "2165"]

1.Nf3 d5 2.d4 c5 3.c4 dxc4 4.e3 cxd4 5.exd4 Be6 6.Nc3 Nf6 7.Ne5 Nc6 8.Nxc6 bxc6
9.Qa4 Qd7 10.Bxc4 Bxc4 11.Qxc4 g6 12.O-O Bg7 13.Bf4 O-O 14.Be5 Rfd8 15.Rac1 Rac8
16.Rfe1 Ng4 17.Bxg7 Kxg7 18.h3 Nf6 19.Rcd1 e6 20.Qe2 Rb8 21.Qe5 Qd6 22.b3 Rb4
23.Ne4 Qxe5 24.dxe5 Rxe4 25.exf6+ Kxf6 26.Rxe4 Rxd1+ 27.Kh2 Rd2 28.Rf4+ Ke7
29.Ra4 Rd7 30.Kg3 e5 31.Kf3 Ke6 32.Ra6 Kd5 33.Ke3 f5 34.Ra5+ Ke6 35.Ra6 Kd6
36.b4 Kd5 37.Ra5+ Kc4 38.a3 e4 39.Rc5+ Kb3 40.Rxc6 Kxa3 41.b5 Rb7 42.g4 fxg4
43.hxg4 Kb4 44.Kxe4 Kxb5 45.Rc8 a5 46.Ra8 g5 47.Kd3 a4 48.Rf8 Kb4 49.Kc2 Rc7+
50.Kb1 Rc4 51.f3 Rf4 52.Rg8 h6 53.Rg6 Rxf3 54.Rxh6 Kc3 55.Re6 Kd3 56.Rd6+ Ke3
57.Rh6 Rf4 58.Rh3+ Kf2  0-1

[Event "Belgrade (Women)"]
[Site "Belgrade"]
[Date "1998.03.10"]
[Round "7"]
[White "Cramling, Pia"]
[Black "Peng, Zhaoqin"]
[Result "1-0"]
[WhiteElo "2535"]
[BlackElo "2420"]

1.d4 d5 2.Nf3 c5 3.c4 dxc4 4.d5 e6 5.Nc3 exd5 6.Qxd5 Qxd5 7.Nxd5 Bd6 8.Nd2 Ne7
9.Nxc4 Nxd5 10.Nxd6+ Ke7 11.Nxc8+ Rxc8 12.g3 Nb4 13.Bh3 Rd8 14.O-O N8c6 15.Bg5+ f6
16.Be3 b6 17.Rfc1 Nd5 18.Bd2 a5 19.Be1 Nd4 20.Kf1 Ra7 21.Bg2 Nb4 22.Bc3 Rad7
23.Be4 g6 24.e3 Ne6 25.a3 Nd3 26.Bxd3 Rxd3 27.b4 a4 28.bxc5 Nxc5 29.Bb4 Rb3
30.Ra2 Rd5 31.Rc4 f5 32.h4 Kf6 33.Bxc5 Rxc5 34.Rxa4 Ra5 35.Rd4 Rbxa3 36.Rd6+ Kg7
37.Rb2 b5 38.Rd7+ Kh6 39.Rb7 Ra2 40.Rxa2 Rxa2 41.Rxb5 Rc2 42.Rb7 Ra2 43.Re7 Rb2
44.Kg2 Ra2 45.g4 fxg4 46.Kg3 Rb2 47.Rf7 Rb4 48.Rf4 Rb5 49.Kxg4 Kg7 50.Rd4 h5+
51.Kf4 Rf5+ 52.Kg3 Ra5 53.f3 Kf6 54.Rd6+ Kf7 55.Kf4 Ra1 56.Ke5 Ra5+ 57.Kf4 Ra1
58.e4 Rh1 59.Kg5 Rg1+ 60.Kf4 Rh1 61.e5 Rg1 62.Ra6 Rg2 63.Rf6+ Kg7 64.Ke4 Rh2
65.Rf4 Ra2 66.Kd5 Ra5+ 67.Kd6 Ra6+ 68.Kd7 Ra7+ 69.Kc6 Ra6+ 70.Kb5 Ra1 71.Re4 Kf7
72.Kc4 Ke6 73.Kd3 Ra3+ 74.Ke2 Kf5 75.Kf2 Ra6 76.Ke3 Ra3+ 77.Kd4 Ra4+ 78.Kd5 Ra5+
79.Kd6 Ra6+ 80.Kc5 Ra5+ 81.Kd6 Ra6+ 82.Ke7 Ra7+ 83.Kf8 Ke6 84.f4 Ra1 85.Rb4 Kf5  1-0

[Event "Budapest FS04 IM"]
[Site "Budapest"]
[Date "1998.04.05"]
[Round "2"]
[White "Eperjesi, Laszlo"]
[Black "Breier, Andreas"]
[Result "0-1"]
[WhiteElo "2365"]
[BlackElo "2195"]

1.d4 d5 2.c4 dxc4 3.Nf3 c5 4.e3 cxd4 5.Bxc4 Qc7 6.Bb5+ Bd7 7.Nxd4 e5 8.Bxd7+ Qxd7
9.Nb3 Qxd1+ 10.Kxd1 Nf6 11.Bd2 Nc6 12.Ke2 Be7 13.Rc1 O-O 14.a3 Rfd8 15.Be1 Rac8
16.N1d2 Nd5 17.Nc4 b6 18.f3 Bg5 19.Bd2 f6 20.g3 f5 21.Rab1 e4 22.f4 Bf6 23.h3 g6
24.g4 Nce7 25.g5 Bg7 26.h4 Rc6 27.Nd4 Nxf4+ 28.exf4 Bxd4 29.Ne5 Bxe5 30.fxe5 Kf7
31.Bb4 Rdc8 32.Rd1 Ke6 33.Rd6+ Rxd6 34.Bxd6 Rc2+ 35.Ke3 Nc6 36.h5 Nxe5 37.Bb4 Nd3
38.Bc3  0-1

[Event "Dreifluesse op"]
[Site "Passau"]
[Date "1998.04.12"]
[Round "5"]
[White "Zankl, Thomas"]
[Black "Kiefel, Alfred"]
[Result "1-0"]
[WhiteElo "1956"]
[BlackElo "1729"]

1.d4 d5 2.c4 dxc4 3.Nf3 a6 4.a4 c6 5.Nc3 g6 6.e3 Bg7 7.Bxc4 b6 8.Qb3 e6 9.O-O Ne7
10.e4 O-O 11.e5 h6 12.Ne4 Nf5 13.Rd1 Nd7 14.g4 Ne7 15.Nd6 Nd5 16.g5 h5 17.Be3 a5
18.Rac1 Nb4 19.Nh4 Nd5 20.Bxd5 cxd5 21.Rc6 Ba6 22.f4 Ra7 23.Rdc1 Qb8 24.Nb5 Bxb5
25.Qxb5 Qb7 26.Bd2 Rb8 27.Nf3 Bf8 28.Ne1 Be7 29.Nd3 Bd8 30.b3 Raa8 31.b4 Rc8
32.bxa5 Rxc6 33.Rxc6 Rc8 34.Nb4 Rxc6 35.Nxc6 Qc8 36.axb6 Nxb6 37.Qxb6 Bxb6
38.Ne7+ Kg7 39.Nxc8 Bxd4+ 40.Kf1 Bc5  1-0

[Event "Zepter op"]
[Site "Minsk"]
[Date "1998.05.02"]
[Round "8"]
[White "Korotylev, Alexey"]
[Black "Volzhin, Alexander"]
[Result "1/2-1/2"]
[WhiteElo "2470"]
[BlackElo "2510"]

1.d4 d5 2.c4 dxc4 3.Nf3 a6 4.e3 e6 5.Bxc4 c5 6.O-O Nf6 7.Bd3 Nbd7 8.a4 b6
9.Nc3 Bb7 10.Qe2 Qc7 11.Bd2 Bd6 12.Rac1 O-O 13.h3 e5 14.dxe5 Nxe5 15.Nxe5 Bxe5
16.f4 Bxc3 17.Bxc3 Ne4 18.Bxe4 Bxe4 19.f5 Qc6 20.f6 g5 21.a5 h6 22.axb6 Qxb6
23.Rcd1 Qe6 24.Rd2 Rad8 25.Rfd1 Rxd2 26.Rxd2 Bg6 27.Rd1 Re8  1/2-1/2